000 00615nam a2200181Ia 4500
005 20250326144241.0
008 250326s9999 xx 000 0 und d
037 _aTextbook
040 _aFMSL
_beng
_cFMSL
041 _aeng
_2eng
084 _aG:55obc84 P7
_qFMSL
100 _aVaitheeswaran V V
_9749314
245 0 _aPower to the people : how the coming energy revolution will trasfrom an industry, change our lives and maybe even save the planet
_cVaitheeswaran V V
260 _aLondon
_bLondon, Earthscan
_c2007
365 _b995
942 _cTB
_hG:55obc84 P7
999 _c1302988
_d1302988